000 00266nam a2200097Ia 4500
001 1190213
005 20250827021613.0
008 250824s9999 xx 000 0 und d
245 0 _aKÜÇÜK ŞEYLER 3 YAŞAMA YERLEŞMEK
_cÜSTÜN DÖKMEN
260 _bREMZİ KİTABEVİ
999 _c1190213
_d1190213